VII Centenari de la mort del rei Jaume I el Conqueridor : cants de la missa funeral : celebrada a l'Abadia de Santa Maria de Pobles amb assistència de SS. MM. el rei Joan Carles I i la reina Sofia cants de la missa funeral :
Descripción Física:
[5] p. ; 25 cm
Materias:
Missa de difunts
MARC
| LEADER | 00000nam a2200000Ia 4500 | ||
|---|---|---|---|
| 001 | 19148 | ||
| 008 | 160829s1976 xx 000 0 cat d | ||
| 080 | |a FU-2-59 | ||
| 245 | |a VII Centenari de la mort del rei Jaume I el Conqueridor : |b cants de la missa funeral : |b celebrada a l'Abadia de Santa Maria de Pobles amb assistència de SS. MM. el rei Joan Carles I i la reina Sofia | ||
| 260 | |a Abadia de Poblet : |b Impremta Monàstica Abadia de Poblet, |c 1976 | ||
| 300 | |a [5] p. ; |c 25 cm | ||
| 650 | 0 | |a Missa de difunts |9 21304 | |
| 901 | |a Arxiu | ||
| 942 | |n 1 | ||
| 952 | |0 0 |1 0 |4 0 |6 FU259 |7 1 |9 53206 |a Arxiu |b Arxiu |d 2016-12-01 |l 0 |o FU-2-59 |p 19148 |r 2016-12-01 00:00:00 |w 2016-12-01 |y ARXIU | ||
| 999 | |c 57055 |d 57055 | ||